000 00303nam a22001337a 4500
008 170619b xxu||||| |||| 00| 0 eng d
020 _a9780804723053
041 _aeng
080 _a32
100 _a20
101 _aSHP
245 _aBUILDING DEMOCRATIC INSTITUTIONS
_cMAINWARING,S
942 _2udc
_cBK
999 _c18174
_d18174